<?xml version="1.0" encoding="UTF-8"?>
<collection xmlns:xsi="http://www.w3.org/2001/XMLSchema-instance" xsi:schemaLocation="http://www.loc.gov/MARC21/slim http://www.loc.gov/standards/marcxml/schema/MARC21slim.xsd" xmlns="http://www.loc.gov/MARC21/slim">
 <record>
  <leader>00000cam a22000004a 4500</leader>
  <controlfield tag="001">UP-99796217610848945</controlfield>
  <controlfield tag="003">Buklod</controlfield>
  <controlfield tag="005">20130718112111.0</controlfield>
  <controlfield tag="006">a     r    |||| u|</controlfield>
  <controlfield tag="007">ta</controlfield>
  <controlfield tag="008">111215s2012    enka    rb   |001 0|eng d</controlfield>
  <datafield tag="020" ind1=" " ind2=" ">
   <subfield code="a">9781847887832</subfield>
  </datafield>
  <datafield tag="020" ind1=" " ind2=" ">
   <subfield code="a">184788783X</subfield>
  </datafield>
  <datafield tag="035" ind1=" " ind2=" ">
   <subfield code="a">(iLib)UPD-00199209001</subfield>
  </datafield>
  <datafield tag="040" ind1=" " ind2=" ">
   <subfield code="a">DCHE</subfield>
  </datafield>
  <datafield tag="041" ind1=" " ind2=" ">
   <subfield code="a">eng</subfield>
  </datafield>
  <datafield tag="042" ind1=" " ind2=" ">
   <subfield code="a">DMLUC</subfield>
  </datafield>
  <datafield tag="090" ind1=" " ind2=" ">
   <subfield code="a">GT 523</subfield>
   <subfield code="b">F37 2012</subfield>
  </datafield>
  <datafield tag="245" ind1="0" ind2="0">
   <subfield code="a">Fashion and art</subfield>
   <subfield code="c">edited by Adam Geczy and Vicki Karaminas.</subfield>
  </datafield>
  <datafield tag="264" ind1=" " ind2="1">
   <subfield code="a">London</subfield>
   <subfield code="b">Berg</subfield>
   <subfield code="c">c2012.</subfield>
  </datafield>
  <datafield tag="300" ind1=" " ind2=" ">
   <subfield code="a">xv, 223 p., [32] p. of plates</subfield>
   <subfield code="b">ill. (some col.)</subfield>
  </datafield>
  <datafield tag="505" ind1="0" ind2=" ">
   <subfield code="a">Introduction: Adam Geczy and Vicki Karaminas -- 1. Fashion: Valerie Steele, The Museum at the Fashion Institute of Technology, USA -- 2. Art: Nancy Troy, Stanford University, USA -- 3. Aesthetics: Llewellyn Negrin, University of Tasmania, Australia -- 4. Modernity: Adam Geczy, Sydney College of the Arts, Australia -- 5. Conceptual: Hazel Clark, Parsons the New School of Design, USA -- 6. Body: Joanne Eicher, University of Minnesota, USA -- 7. Beauty: Morag Martin, State University of New York, USA -- 8. Boundaries: Diana Crane, University of Pennsylvania, USA -- 9. Authenticity: Efrat Tseèelon, Leeds University, UK -- 10. Performance: Herbert Blau, University of Washington, USA -- 11. Dressing up: Mary Gluck, Brown University, USA -- 12. Clothing: Margaret Maynard, University of Queensland, Australia -- 13. Patronage: Nicky Ryan, University of the Arts, London, UK -- 14. Painting: Aileen Ribeiro, University of London, UK -- 15. Image: Vicki Karaminas, University of Technology, Sydney, Australia -- 16. Exhibition: Alistair O'Neil, Central St Martins, London, UK -- 17. Curatorial: Barbara Heinemann, Goldstein Museum of Design, University of Minnesota, USA.</subfield>
  </datafield>
  <datafield tag="520" ind1=" " ind2=" ">
   <subfield code="a">Bringing together original, cutting-edge contributions from leading international scholars across a range of disciplines, this book is essential reading for anyone interested in exploring the intersections and changing relationship between fashion and art, past and present.</subfield>
  </datafield>
  <datafield tag="650" ind1=" " ind2="0">
   <subfield code="a">Fashion and art.</subfield>
  </datafield>
  <datafield tag="650" ind1=" " ind2="0">
   <subfield code="a">Fashion</subfield>
   <subfield code="x">History.</subfield>
  </datafield>
  <datafield tag="700" ind1="1" ind2=" ">
   <subfield code="a">Geczy, Adam.</subfield>
  </datafield>
  <datafield tag="700" ind1="1" ind2=" ">
   <subfield code="a">Karaminas, Vicki.</subfield>
  </datafield>
  <datafield tag="905" ind1=" " ind2=" ">
   <subfield code="a">FO</subfield>
  </datafield>
  <datafield tag="950" ind1=" " ind2=" ">
   <subfield code="a">Monograph</subfield>
  </datafield>
  <datafield tag="852" ind1="0" ind2=" ">
   <subfield code="a">UPD</subfield>
   <subfield code="b">DCFA</subfield>
   <subfield code="h">GT 523</subfield>
   <subfield code="i">F37 2012</subfield>
  </datafield>
  <datafield tag="852" ind1="0" ind2=" ">
   <subfield code="a">UPD</subfield>
   <subfield code="b">DCHE</subfield>
   <subfield code="h">GT 523  F37 2012</subfield>
  </datafield>
  <datafield tag="942" ind1=" " ind2=" ">
   <subfield code="a">Book</subfield>
  </datafield>
 </record>
</collection>
